Molecular mapping of the Arabidopsis locus RPP11 which conditions isolate-specific hypersensitive resistance against downy mildew in ecotype RLD (Record no. 63196)

MARC details
000 -LEADER
fixed length control field 00594nam a2200181Ia 4500
100 ## - MAIN ENTRY--AUTHOR NAME
Personal name Joos H J
245 #0 - TITLE STATEMENT
Title Molecular mapping of the Arabidopsis locus RPP11 which conditions isolate-specific hypersensitive resistance against downy mildew in ecotype RLD
260 ## - PUBLICATION, DISTRIBUTION, ETC. (IMPRINT)
Name of publisher Theoretical and Applied Genetics
Year of publication 1996
300 ## - PHYSICAL DESCRIPTION
Number of Pages 281-284
650 ## - SUBJECT ADDED ENTRY--TOPICAL TERM
Topical Term Arabidopsis thaliana
650 ## - SUBJECT ADDED ENTRY--TOPICAL TERM
Topical Term Molecular markers
650 ## - SUBJECT ADDED ENTRY--TOPICAL TERM
Topical Term Peronospora parasitica
650 ## - SUBJECT ADDED ENTRY--TOPICAL TERM
Topical Term Resistance gene
700 ## - ADDED ENTRY--PERSONAL NAME
Personal name Mauch-Mani B
700 ## - ADDED ENTRY--PERSONAL NAME
Personal name Slusarenko A J
942 ## - ADDED ENTRY ELEMENTS (KOHA)
Koha item type Journals
Holdings
Withdrawn status Lost status Damaged status Not for loan Home library Current library Shelving location Date acquired Serial Enumeration / chronology Koha item type
      Journals RRII Library RRII Library Molecular marker 17/12/2021 Volume 92, Issue 2 Journals